Städte und Gemeinden im Landkreis Osterholz mit Karte - Statistiken

Allgemein
  • Dieses Quiz wurde 137 mal gespielt
    121 seit der letzten Aktualisierung
  • Das Durchschnittsergebnis liegt bei 7 aus 11
Antworten auf der Karte
Die Antworten werden auf der Karte rot bzw. grün angezeigt, abhängig davon wie oft sie richtig erraten wurden.
 
Antwortstatistiken
Stadt oder Gemeinde % Korrekt
Osterholz-Scharmbeck
89%
Schwanewede
85%
Ritterhude
83%
Worpswede
83%
Lillienthal
80%
Grasberg
69%
Hambergen
62%
Axstedt
45%
Lübberstedt
45%
Vollersode
42%
Holste
35%
Keine übereinstimmenden Quizze gefunden
Verteilung der Resultate
Anzahl Personen mit jedem Resultat
Perzentil nach korrekt beantworteten Fragen
Ihre Resultats-Entwicklung
Sie haben dieses Quiz seit der letzten Aktualisierung nicht gespielt